Solventnosť poisťovne v kontexte riadenia rizík a kapitálových požiadaviek

Zameranie na prezentáciu a prepojenie kľúčových oblastí, ktoré prispievajú k udržaniu solventnosti poisťovní v rámci regulačného rámca činnosti poisťovní.

Salvato in:
Dettagli Bibliografici
Autore principale: Podmanická, Martina, 1977-
Natura: Capitolo di libro
Lingua:slovacco
Soggetti:
Tags: Aggiungi Tag
Nessun Tag, puoi essere il primo ad aggiungerne!!

MARC

LEADER 00000naa$a2200000$$$4500
001 0313248
005 20251120104134.1
041 0 |a slo 
044 |a CZ 
245 1 0 |a Solventnosť poisťovne v kontexte riadenia rizík a kapitálových požiadaviek  |c Martina Podmanická 
520 |a Zameranie na prezentáciu a prepojenie kľúčových oblastí, ktoré prispievajú k udržaniu solventnosti poisťovní v rámci regulačného rámca činnosti poisťovní. 
610 2 0 |a solventnosť 
610 2 0 |a poisťovne 
610 2 0 |a riziko 
610 2 0 |a riziko poistné 
610 2 0 |a zdroje finančné vlastné 
610 2 0 |a riadenie rizík 
610 2 0 |a kapitál 
100 1 |a Podmanická, Martina, 1977-